Military Alphabets - Statistics

General Stats
  • This quiz has been taken 133 times
    118 since last reset
  • The average score is 18 of 26
Answer Stats
Letter Code Word % Correct
A Alpha
100%
C Charlie
94%
B Bravo
91%
D Delta
91%
F Foxtrot
88%
E Echo
81%
I India
71%
X X-ray
71%
T Tango
70%
H Hotel
69%
J Juliet
69%
L Lima
69%
G Golf
68%
Z Zulu
66%
R Romeo
65%
K Kilo
64%
N November
61%
M Mike
59%
Q Quebec
59%
S Sierra
59%
Y Yankee
59%
O Oscar
56%
P Papa
55%
W Whiskey
55%
U Uniform
53%
V Victor
48%
No matching quizzes found
Score Distribution
Percent of People with Each Score
Percentile by Number Answered
Your Score History
You have not taken this quiz since the last reset